| 000 | 01010cam a2200301 4500 | ||
|---|---|---|---|
| 008 | 090401t1992 xxu||||| |||| 00| 0 eng d | ||
| 020 | _a0854065679 | ||
| 035 | _a(Sirsi) u57107 | ||
| 041 | _aeng | ||
| 050 |
_a333.0071094 _c18 |
||
| 090 | _aRICS 1992/72ABCD | ||
| 100 | _aPlimmer, Frances | ||
| 245 | _aEducation and training of valuers in Europe | ||
| 260 |
_aLondon _bRICS _c1992 |
||
| 300 |
_av, 60, 4p. _c30cm. |
||
| 350 | _a4.95 | ||
| 490 |
_aRICS Research Paper Series _v(23) |
||
| 520 | _aResearch carried out at the Department of Property and Development Studies University of Glamorgan and funded by the Royal Institution of Chartered Surveyors Educational Trust and the European Commission. | ||
| 650 | _aEUROPEAN COMMUNITY | ||
| 650 | _aFRANCE | ||
| 650 | _aUNIVERSITY OF GLAMORGAN | ||
| 650 |
_aValuation _96273 |
||
| 690 | _aRATING AND VALUATION | ||
| 700 | _aGronow, Stuart | ||
| 710 |
_aRoyal Institution of Chartered Surveyors _94900 |
||
| 942 | _n0 | ||
| 948 | _c04/03/1997 | ||
| 999 |
_c93887 _d93887 |
||